[Event "Stay Safe Play From Home 329"]
[Site "Mustafa Kemal Atatürk"]
[Date "2020.07.24"]
[Round "5"]
[White "Haxhi Baha"]
[Black "Padmaesh M K"]
[Result "1-0"]
[WhiteElo "2065"]
[BlackElo "1742"]
[PlyCount "91"]
[EventDate "2020.07.24"]
[EventType "swiss (blitz)"]

1. e4 {[%emt 0:00:01]} c5 {[%emt 0:00:02]} 2. Nf3 {[%emt 0:00:01]} d6 {[%emt 0:00:00]} 3. d4 {[%emt 0:00:00]} cxd4 {[%emt 0:00:01]} 4. Nxd4 {[%emt 0:00:00]} Nf6 {[%emt 0:00:00]} 5. Nc3 {[%emt 0:00:00]} a6 {[%emt 0:00:00]} 6. f4 {[%emt 0:00:00]} Nc6 {[%emt 0:00:00]} 7. Be3 {[%emt 0:00:01]} e5 {[%emt 0:00:01]} 8. Nb3 {[%emt 0:00:01]} exf4 {[%emt 0:00:01]} 9. Bxf4 {[%emt 0:00:01]} Bg4 {[%emt 0:00:00]} 10. Be2 {[%emt 0:00:01]} Bxe2 {[%emt 0:00:01]} 11. Qxe2 {[%emt 0:00:00]} Ne5 {[%emt 0:00:00]} 12. O-O-O {[%emt 0:00:01]} Be7 {[%emt 0:00:02]} 13. Bxe5 {[%emt 0:00:01]} dxe5 {[%emt 0:00:02]} 14. Rxd8+ {[%emt 0:00:01]} Rxd8 {[%emt 0:00:00]} 15. g4 {[%emt 0:00:00]} O-O {[%emt 0:00:01]} 16. g5 {[%emt 0:00:01]} Nd7 {[%emt 0:00:01]} 17. h4 {[%emt 0:00:02]} Nb6 {[%emt 0:00:02]} 18. Nd5 {[%emt 0:00:01]} Nxd5 {[%emt 0:00:01]} 19. exd5 {[%emt 0:00:00]} Rxd5 {[%emt 0:00:00]} 20. a3 {[%emt 0:00:01]} Rfd8 {[%emt 0:00:01]} 21. Kb1 {[%emt 0:00:01]} Bd6 {[%emt 0:00:05]} 22. Qe4 {[%emt 0:00:02]} Bb8 {[%emt 0:00:02]} 23. Rf1 {[%emt 0:00:02]} g6 {[%emt 0:00:03]} 24. h5 {[%emt 0:00:01]} Ba7 {[%emt 0:00:04]} 25. hxg6 {[%emt 0:00:01]} hxg6 {[%emt 0:00:03]} 26. Rh1 {[%emt 0:00:00]} Rd1+ {[%emt 0:00:02]} 27. Rxd1 {[%emt 0:00:02]} Rxd1+ {[%emt 0:00:00]} 28. Ka2 {[%emt 0:00:00]} Bd4 {[%emt 0:00:01]} 29. Qxb7 {[%emt 0:00:01]} Be3 {[%emt 0:00:04]} 30. Qc8+ {[%emt 0:00:02]} Kg7 {[%emt 0:00:02]} 31. Qc7 {[%emt 0:00:02]} Bxg5 {[%emt 0:00:01]} 32. Qxe5+ {[%emt 0:00:01]} Bf6 {[%emt 0:00:00]} 33. Qb8 {[%emt 0:00:02]} Rd7 {[%emt 0:00:01]} 34. Qa8 {[%emt 0:00:03]} a5 {[%emt 0:00:02]} 35. Qxa5 {[%emt 0:00:01]} Rb7 {[%emt 0:00:01]} 36. c3 {[%emt 0:00:01]} Re7 {[%emt 0:00:01]} 37. Nd4 {[%emt 0:00:01]} Re2 {[%emt 0:00:00]} 38. Nxe2 {[%emt 0:00:01]} g5 {[%emt 0:00:01]} 39. Qc7 {[%emt 0:00:01]} Kg6 {[%emt 0:00:00]} 40. Ng3 {[%emt 0:00:00]} g4 {[%emt 0:00:01]} 41. Qd7 {[%emt 0:00:01]} Kg5 {[%emt 0:00:01]} 42. Qf5+ {[%emt 0:00:01]} Kh6 {[%emt 0:00:01]} 43. Ne4 {[%emt 0:00:00]} Kg7 {[%emt 0:00:01]} 44. Qxf6+ {[%emt 0:00:01]} Kf8 {[%emt 0:00:00]} 45. Ng5 {[%emt 0:00:00]} g3 {[%emt 0:00:01] Padmaesh M K resigns} 46. Qxf7# {[%emt 0:00:00] (Lag: Av=0.63s, max=1.2s)} 1-0

[Event "Stay Safe Play From Home 329"]
[Site "Mustafa Kemal Atatürk"]
[Date "2020.07.24"]
[Round "5"]
[White "Lazieri3"]
[Black "W Nelles"]
[Result "1-0"]
[WhiteElo "2042"]
[BlackElo "1242"]
[PlyCount "59"]
[EventDate "2020.07.24"]
[EventType "swiss (blitz)"]

1. e4 {[%emt 0:00:02]} e5 {[%emt 0:00:01]} 2. Nc3 {[%emt 0:00:00]} Nf6 {[%emt 0:00:01]} 3. Nf3 {[%emt 0:00:00]} Bb4 {[%emt 0:00:01]} 4. d4 {[%emt 0:00:00]} Bxc3+ {[%emt 0:00:01]} 5. bxc3 {[%emt 0:00:02]} exd4 {[%emt 0:00:01]} 6. cxd4 {[%emt 0:00:01]} O-O {[%emt 0:00:01]} 7. e5 {[%emt 0:00:02]} Nd5 {[%emt 0:00:01]} 8. Bc4 {[%emt 0:00:02]} Nb4 {[%emt 0:00:03]} 9. O-O {[%emt 0:00:02]} d6 {[%emt 0:00:02]} 10. Ba3 {[%emt 0:00:01]} N4c6 {[%emt 0:00:03]} 11. exd6 {[%emt 0:00:02]} cxd6 {[%emt 0:00:01]} 12. Re1 {[%emt 0:00:07]} d5 {[%emt 0:00:04]} 13. Bxf8 {[%emt 0:00:02]} dxc4 {[%emt 0:00:02]} 14. Ba3 {[%emt 0:00:02]} Bg4 {[%emt 0:00:07]} 15. h3 {[%emt 0:00:01]} Bxf3 {[%emt 0:00:02]} 16. Qxf3 {[%emt 0:00:02]} Nxd4 {[%emt 0:00:03]} 17. Qxb7 {[%emt 0:00:01]} Nbc6 {[%emt 0:00:03]} 18. Rad1 {[%emt 0:00:05]} Rb8 {[%emt 0:00:06]} 19. Qxc6 {[%emt 0:00:06]} Nxc6 {[%emt 0:00:02]} 20. Rxd8+ {[%emt 0:00:01]} Rxd8 {[%emt 0:00:02]} 21. Bc5 {[%emt 0:00:02]} h6 {[%emt 0:00:01]} 22. Rb1 {[%emt 0:00:03]} Ne5 {[%emt 0:00:03]} 23. Bxa7 {[%emt 0:00:02]} Ng6 {[%emt 0:00:03]} 24. c3 {[%emt 0:00:02]} Rd2 {[%emt 0:00:01]} 25. a4 {[%emt 0:00:01]} Nf4 {[%emt 0:00:01]} 26. a5 {[%emt 0:00:01]} Nd3 {[%emt 0:00:01]} 27. a6 {[%emt 0:00:02]} Nc1 {[%emt 0:00:01]} 28. Rxc1 {[%emt 0:00:02]} Ra2 {[%emt 0:00:02]} 29. Be3 {[%emt 0:00:00]} Rxa6 {[%emt 0:00:01]} 30. Rd1 {[%emt 0:00:00] Zeit (Lag: Av=0.87s, max=1.3s)} 1-0

[Event "Stay Safe Play From Home 329"]
[Site "Mustafa Kemal Atatürk"]
[Date "2020.07.24"]
[Round "5"]
[White "Stefanone"]
[Black "NeatFox"]
[Result "1-0"]
[WhiteElo "2022"]
[BlackElo "1845"]
[PlyCount "137"]
[EventDate "2020.07.24"]
[EventType "swiss (blitz)"]

1. d4 {[%emt 0:00:01]} c6 {[%emt 0:00:03]} 2. e3 {[%emt 0:00:00]} d5 {[%emt 0:00:00]} 3. Nf3 {[%emt 0:00:00]} g6 {[%emt 0:00:01]} 4. b3 {[%emt 0:00:00]} Bg7 {[%emt 0:00:00]} 5. Bb2 {[%emt 0:00:00]} Nf6 {[%emt 0:00:00]} 6. Be2 {[%emt 0:00:00]} Kf8 {[%emt 0:00:00]} 7. Ne5 {[%emt 0:00:00]} Be6 {[%emt 0:00:01]} 8. h4 {[%emt 0:00:01]} Nbd7 {[%emt 0:00:00]} 9. h5 {[%emt 0:00:02]} Nxe5 {[%emt 0:00:02]} 10. dxe5 {[%emt 0:00:01]} Nxh5 {[%emt 0:00:00]} 11. Bxh5 {[%emt 0:00:02]} gxh5 {[%emt 0:00:00]} 12. Qxh5 {[%emt 0:00:02]} Qe8 {[%emt 0:00:02]} 13. f4 {[%emt 0:00:01]} f6 {[%emt 0:00:01]} 14. Qxe8+ {[%emt 0:00:02]} Kxe8 {[%emt 0:00:01]} 15. Nd2 {[%emt 0:00:03]} fxe5 {[%emt 0:00:01]} 16. fxe5 {[%emt 0:00:00]} Kd7 {[%emt 0:00:01]} 17. Nf3 {[%emt 0:00:01]} Raf8 {[%emt 0:00:02]} 18. Kd2 {[%emt 0:00:01]} Bg4 {[%emt 0:00:01]} 19. Rhf1 {[%emt 0:00:02]} Bxf3 {[%emt 0:00:00]} 20. Rxf3 {[%emt 0:00:02]} Rxf3 {[%emt 0:00:01]} 21. gxf3 {[%emt 0:00:00]} h5 {[%emt 0:00:00]} 22. e6+ {[%emt 0:00:01]} Kxe6 {[%emt 0:00:03]} 23. Bxg7 {[%emt 0:00:00]} Rh7 {[%emt 0:00:01]} 24. Bd4 {[%emt 0:00:01]} b6 {[%emt 0:00:02]} 25. Bc3 {[%emt 0:00:02]} c5 {[%emt 0:00:00]} 26. Rh1 {[%emt 0:00:01]} Kf5 {[%emt 0:00:01]} 27. Ke2 {[%emt 0:00:01]} e5 {[%emt 0:00:01]} 28. Kf2 {[%emt 0:00:01]} d4 {[%emt 0:00:01]} 29. exd4 {[%emt 0:00:05]} exd4 {[%emt 0:00:01]} 30. Bd2 {[%emt 0:00:00]} h4 {[%emt 0:00:03]} 31. f4 {[%emt 0:00:02]} Kg4 {[%emt 0:00:01]} 32. Rg1+ {[%emt 0:00:01]} Kf5 {[%emt 0:00:03]} 33. Kf3 {[%emt 0:00:00]} h3 {[%emt 0:00:01]} 34. Rh1 {[%emt 0:00:01]} h2 {[%emt 0:00:01]} 35. Be1 {[%emt 0:00:01]} c4 {[%emt 0:00:01]} 36. Bg3 {[%emt 0:00:01]} cxb3 {[%emt 0:00:01]} 37. axb3 {[%emt 0:00:02]} Rc7 {[%emt 0:00:02]} 38. Rxh2 {[%emt 0:00:02]} Rc3+ {[%emt 0:00:00]} 39. Kg2 {[%emt 0:00:01]} Kg4 {[%emt 0:00:00]} 40. Rh4+ {[%emt 0:00:01]} Kf5 {[%emt 0:00:00]} 41. Rh5+ {[%emt 0:00:01]} Kf6 {[%emt 0:00:01]} 42. Re5 {[%emt 0:00:01]} Rxc2+ {[%emt 0:00:01]} 43. Kf3 {[%emt 0:00:01]} Rc3+ {[%emt 0:00:00]} 44. Ke4 {[%emt 0:00:01]} Rxg3 {[%emt 0:00:01]} 45. Kxd4 {[%emt 0:00:01]} Rxb3 {[%emt 0:00:00]} 46. Rd5 {[%emt 0:00:03]} Rb4+ {[%emt 0:00:01]} 47. Ke3 {[%emt 0:00:01]} Ke6 {[%emt 0:00:01]} 48. Re5+ {[%emt 0:00:01]} Kf6 {[%emt 0:00:01]} 49. Rh5 {[%emt 0:00:00]} Rb3+ {[%emt 0:00:01]} 50. Ke4 {[%emt 0:00:01]} Rb4+ {[%emt 0:00:00]} 51. Kf3 {[%emt 0:00:00]} Rb3+ {[%emt 0:00:00]} 52. Kg4 {[%emt 0:00:00]} Rb1 {[%emt 0:00:00]} 53. Rh6+ {[%emt 0:00:01]} Kf7 {[%emt 0:00:00]} 54. Rc6 {[%emt 0:00:00]} Kg7 {[%emt 0:00:00]} 55. Kf5 {[%emt 0:00:00]} Rb4 {[%emt 0:00:01]} 56. Rc7+ {[%emt 0:00:00]} Kh6 {[%emt 0:00:01]} 57. Rxa7 {[%emt 0:00:01]} Rb5+ {[%emt 0:00:00]} 58. Kf6 {[%emt 0:00:01]} Rb4 {[%emt 0:00:01]} 59. f5 {[%emt 0:00:01]} Kh5 {[%emt 0:00:01]} 60. Ra8 {[%emt 0:00:00]} Kg4 {[%emt 0:00:00]} 61. Rg8+ {[%emt 0:00:01]} Kf4 {[%emt 0:00:01]} 62. Ke6 {[%emt 0:00:00]} Rb5 {[%emt 0:00:01]} 63. f6 {[%emt 0:00:00]} Rf5 {[%emt 0:00:01]} 64. Ke7 {[%emt 0:00:00]} Rxf6 {[%emt 0:00:01]} 65. Kxf6 {[%emt 0:00:01]} b5 {[%emt 0:00:01]} 66. Rb8 {[%emt 0:00:00]} b4 {[%emt 0:00:00]} 67. Rxb4+ {[%emt 0:00:00]} Kf3 {[%emt 0:00:00]} 68. Rb5 {[%emt 0:00:00]} Kf2 {[%emt 0:00:00]} 69. Rb6 {[%emt 0:00:00] Zeit (Lag: Av=0.44s, max=1.2s)} 1-0

[Event "Stay Safe Play From Home 329"]
[Site "Mustafa Kemal Atatürk"]
[Date "2020.07.24"]
[Round "5"]
[White "Schachwerk_64"]
[Black "Edmatuag"]
[Result "1-0"]
[WhiteElo "1869"]
[BlackElo "1620"]
[Annotator "NA"]
[PlyCount "77"]
[EventDate "2020.07.24"]
[EventType "swiss (blitz)"]

1. e4 {[%emt 0:00:01]} d6 {[%emt 0:00:00]} 2. d3 {[%emt 0:00:00]} c6 {[%emt 0:00:01]} 3. Nd2 {[%emt 0:00:00]} Nd7 {[%emt 0:00:01]} 4. g3 {[%emt 0:00:00]} e5 {[%emt 0:00:01]} 5. Bg2 {[%emt 0:00:00]} g6 {[%emt 0:00:01]} 6. Ngf3 {[%emt 0:00:00]} Bg7 {[%emt 0:00:01]} 7. O-O {[%emt 0:00:00]} Ne7 {[%emt 0:00:00]} 8. h4 {[%emt 0:00:04]} O-O {[%emt 0:00:00]} 9. Ng5 {[%emt 0:00:01]} h6 {[%emt 0:00:03]} 10. Nh3 {[%emt 0:00:01]} Kh7 {[%emt 0:00:01]} 11. f4 {[%emt 0:00:04]} exf4 {[%emt 0:00:03]} 12. gxf4 {[%emt 0:00:00]} f5 {[%emt 0:00:01]} 13. Nc4 {[%emt 0:00:03]} Nb6 {[%emt 0:00:04]} 14. b3 {[%emt 0:00:06]} Bxa1 {[%emt 0:00:03]} 15. e5 {[%emt 0:00:05]} Nxc4 {[%emt 0:00:04]} 16. dxc4 {[%emt 0:00:07]} dxe5 {[%emt 0:00:01]} 17. Qe2 {[%emt 0:00:01]} Bd4+ {[%emt 0:00:04]} 18. Kh1 {[%emt 0:00:01]} e4 {[%emt 0:00:01]} 19. Ba3 {[%emt 0:00:02]} Bf6 {[%emt 0:00:02]} 20. Rd1 {[%emt 0:00:03]} Qe8 {[%emt 0:00:01]} 21. Nf2 {[%emt 0:00:04]} Bxh4 {[%emt 0:00:01]} 22. Kg1 {[%emt 0:00:03]} Bxf2+ {[%emt 0:00:01]} 23. Kxf2 {[%emt 0:00:01]} Ng8 {[%emt 0:00:02]} 24. Rh1 {[%emt 0:00:02]} Be6 {[%emt 0:00:02]} 25. Bb2 {[%emt 0:00:01]} Qf7 {[%emt 0:00:04]} 26. Qe1 {[%emt 0:00:01]} Rfd8 {[%emt 0:00:02]} 27. Qe3 {[%emt 0:00:01]} Rd7 {[%emt 0:00:02]} 28. Bf1 {[%emt 0:00:01]} Rad8 {[%emt 0:00:01]} 29. Be2 {[%emt 0:00:00]} Rd2 {[%emt 0:00:01]} 30. Qg3 {[%emt 0:00:01]} e3+ {[%emt 0:00:02]} 31. Kxe3 {[%emt 0:00:01]} Nf6 {[%emt 0:00:01]} 32. Rxh6+ {[%emt 0:00:02]} Kxh6 {[%emt 0:00:01]} 33. Qh4+ {[%emt 0:00:01]} Kg7 {[%emt 0:00:00]} 34. Bh5 {[%emt 0:00:01]} Qg8 {[%emt 0:00:03]} 35. Bxg6 {[%emt 0:00:00]} Qh8 {[%emt 0:00:01]} 36. Qg5 {[%emt 0:00:00]} Qh6 {[%emt 0:00:01]} 37. Qxh6+ {[%emt 0:00:01]} Kxh6 {[%emt 0:00:01]} 38. Bxf5 {[%emt 0:00:00]} Ng4+ {[%emt 0:00:01]} 39. Kf3 {[%emt 0:00:00] Time (Lag: Av=0.48s, max=0.7s)} 1-0

[Event "Stay Safe Play From Home 329"]
[Site "Mustafa Kemal Atatürk"]
[Date "2020.07.24"]
[Round "5"]
[White "Meini"]
[Black "Trotsky"]
[Result "1-0"]
[WhiteElo "1491"]
[BlackElo "1648"]
[Annotator "NA"]
[PlyCount "55"]
[EventDate "2020.07.24"]
[EventType "swiss (blitz)"]

1. d4 {[%emt 0:00:02]} d5 {[%emt 0:00:01]} 2. Bf4 {[%emt 0:00:01]} e6 {[%emt 0:00:00]} 3. e3 {[%emt 0:00:00]} c5 {[%emt 0:00:01]} 4. Nf3 {[%emt 0:00:01]} Nc6 {[%emt 0:00:01]} 5. c3 {[%emt 0:00:01]} a6 {[%emt 0:00:01]} 6. Bd3 {[%emt 0:00:01]} c4 {[%emt 0:00:01]} 7. Bc2 {[%emt 0:00:01]} Bd6 {[%emt 0:00:01]} 8. Bg3 {[%emt 0:00:02]} Qc7 {[%emt 0:00:01]} 9. Nbd2 {[%emt 0:00:02]} Bd7 {[%emt 0:00:01]} 10. e4 {[%emt 0:00:02]} f6 {[%emt 0:00:02]} 11. O-O {[%emt 0:00:03]} O-O-O {[%emt 0:00:01]} 12. b4 {[%emt 0:00:03]} h5 {[%emt 0:00:01]} 13. a4 {[%emt 0:00:02]} Nh6 {[%emt 0:00:01]} 14. b5 {[%emt 0:00:02]} Ne7 {[%emt 0:00:04]} 15. bxa6 {[%emt 0:00:02]} Kb8 {[%emt 0:00:02]} 16. axb7 {[%emt 0:00:03]} g5 {[%emt 0:00:03]} 17. h3 {[%emt 0:00:04]} Ng4 {[%emt 0:00:01]} 18. e5 {[%emt 0:00:02]} fxe5 {[%emt 0:00:02]} 19. Nxe5 {[%emt 0:00:02]} Nxe5 {[%emt 0:00:01]} 20. dxe5 {[%emt 0:00:02]} Bxe5 {[%emt 0:00:01]} 21. Bxe5 {[%emt 0:00:09]} Qxe5 {[%emt 0:00:02]} 22. Qb1 {[%emt 0:00:01]} Ng8 {[%emt 0:00:03]} 23. a5 {[%emt 0:00:01]} Nf6 {[%emt 0:00:01]} 24. a6 {[%emt 0:00:01]} Ka7 {[%emt 0:00:03]} 25. Qb4 {[%emt 0:00:03]} Ng4 {[%emt 0:00:03]} 26. g3 {[%emt 0:00:04]} h4 {[%emt 0:00:02]} 27. Rfb1 {[%emt 0:00:00]} Rb8 {[%emt 0:00:03]} 28. Qb6# {[%emt 0:00:00] (Lag: Av=0.29s, max=0.5s)} 1-0

[Event "Stay Safe Play From Home 329"]
[Site "Mustafa Kemal Atatürk"]
[Date "2020.07.24"]
[Round "5"]
[White "Klasman"]
[Black "Mamba2001de"]
[Result "0-1"]
[WhiteElo "1328"]
[BlackElo "1474"]
[Annotator "NA"]
[PlyCount "50"]
[EventDate "2020.07.24"]
[EventType "swiss (blitz)"]

1. f4 {[%emt 0:00:01]} e6 {[%emt 0:00:01]} 2. c4 {[%emt 0:00:02]} d5 {[%emt 0:00:01]} 3. cxd5 {[%emt 0:00:01]} exd5 {[%emt 0:00:01]} 4. Nf3 {[%emt 0:00:03]} Nf6 {[%emt 0:00:00]} 5. e3 {[%emt 0:00:01]} Be7 {[%emt 0:00:01]} 6. Nc3 {[%emt 0:00:03]} O-O {[%emt 0:00:00]} 7. d4 {[%emt 0:00:04]} c6 {[%emt 0:00:01]} 8. Bd3 {[%emt 0:00:01]} Be6 {[%emt 0:00:02]} 9. Ne5 {[%emt 0:00:02]} Nbd7 {[%emt 0:00:01]} 10. Bd2 {[%emt 0:00:01]} Nxe5 {[%emt 0:00:01]} 11. fxe5 {[%emt 0:00:01]} Nd7 {[%emt 0:00:01]} 12. Qc2 {[%emt 0:00:02]} h6 {[%emt 0:00:02]} 13. O-O-O {[%emt 0:00:03]} c5 {[%emt 0:00:01]} 14. g4 {[%emt 0:00:05]} cxd4 {[%emt 0:00:02]} 15. exd4 {[%emt 0:00:02]} Rc8 {[%emt 0:00:01]} 16. Rdg1 {[%emt 0:00:05]} Bg5 {[%emt 0:00:01]} 17. Bxg5 {[%emt 0:00:03]} Qxg5+ {[%emt 0:00:01]} 18. Qd2 {[%emt 0:00:02]} Qxd2+ {[%emt 0:00:02]} 19. Kxd2 {[%emt 0:00:01]} Nb6 {[%emt 0:00:01]} 20. g5 {[%emt 0:00:01]} hxg5 {[%emt 0:00:01]} 21. Rxg5 {[%emt 0:00:02]} Nc4+ {[%emt 0:00:01]} 22. Kc2 {[%emt 0:00:05]} Ne3+ {[%emt 0:00:02]} 23. Kc1 {[%emt 0:00:02]} Nc4 {[%emt 0:00:01]} 24. Rh5 {[%emt 0:00:02]} g6 {[%emt 0:00:03]} 25. Rg1 {[%emt 0:00:02]} Kg7 {[%emt 0:00:02] Time (Lag: Av=0.36s, max=0.4s)} 0-1

[Event "Stay Safe Play From Home 329"]
[Site "Mustafa Kemal Atatürk"]
[Date "2020.07.24"]
[Round "5"]
[White "Mandy"]
[Black "New ton"]
[Result "0-1"]
[WhiteElo "888"]
[BlackElo "1387"]
[Annotator "NA"]
[PlyCount "30"]
[EventDate "2020.07.24"]
[EventType "swiss (blitz)"]

1. d4 {[%emt 0:00:04]} d5 {[%emt 0:00:00]} 2. Bf4 {[%emt 0:00:01]} Nc6 {[%emt 0:00:00]} 3. e3 {[%emt 0:00:01]} e5 {[%emt 0:00:04]} 4. c3 {[%emt 0:00:02]} exd4 {[%emt 0:00:02]} 5. Bd3 {[%emt 0:00:08]} Nf6 {[%emt 0:00:01]} 6. Nd2 {[%emt 0:00:04]} Bg4 {[%emt 0:00:01]} 7. Qc2 {[%emt 0:00:05]} Bd6 {[%emt 0:00:02]} 8. Bxd6 {[%emt 0:00:02]} Qxd6 {[%emt 0:00:01]} 9. f3 {[%emt 0:00:08]} Bh5 {[%emt 0:00:02]} 10. Ne2 {[%emt 0:00:13]} O-O {[%emt 0:00:01]} 11. Nf4 {[%emt 0:00:01]} Rfe8 {[%emt 0:00:05]} 12. Nxh5 {[%emt 0:00:03]} Nxh5 {[%emt 0:00:01]} 13. O-O {[%emt 0:00:03]} g6 {[%emt 0:00:02]} 14. e4 {[%emt 0:00:01]} Ne7 {[%emt 0:00:04]} 15. Nb3 {[%emt 0:00:03]} Qc6 {[%emt 0:00:02] Zeit (Lag: Av=0.56s, max=0.8s)} 0-1

[Event "Stay Safe Play From Home 329"]
[Site "Mustafa Kemal Atatürk"]
[Date "2020.07.24"]
[Round "6"]
[White "Little champs"]
[Black "BrainThinker22"]
[Result "1-0"]
[WhiteElo "2348"]
[BlackElo "2381"]
[Annotator "NA"]
[PlyCount "143"]
[EventDate "2020.07.24"]
[EventType "swiss (blitz)"]

1. e4 {[%emt 0:00:03]} c6 {[%emt 0:00:01]} 2. Nf3 {[%emt 0:00:01]} d5 {[%emt 0:00:00]} 3. exd5 {[%emt 0:00:01]} cxd5 {[%emt 0:00:00]} 4. d4 {[%emt 0:00:01]} Nc6 {[%emt 0:00:00]} 5. Be2 {[%emt 0:00:00]} Nf6 {[%emt 0:00:01]} 6. O-O {[%emt 0:00:00]} Bf5 {[%emt 0:00:00]} 7. c3 {[%emt 0:00:00]} e6 {[%emt 0:00:00]} 8. Bf4 {[%emt 0:00:03]} Bd6 {[%emt 0:00:01]} 9. Bg3 {[%emt 0:00:00]} Bxg3 {[%emt 0:00:01]} 10. hxg3 {[%emt 0:00:01]} O-O {[%emt 0:00:00]} 11. Na3 {[%emt 0:00:01]} a6 {[%emt 0:00:02]} 12. Nc2 {[%emt 0:00:00]} Rc8 {[%emt 0:00:00]} 13. Ne3 {[%emt 0:00:00]} Bg6 {[%emt 0:00:01]} 14. Nh4 {[%emt 0:00:01]} Ne4 {[%emt 0:00:01]} 15. Nxg6 {[%emt 0:00:01]} hxg6 {[%emt 0:00:00]} 16. Bd3 {[%emt 0:00:00]} Nf6 {[%emt 0:00:01]} 17. Qf3 {[%emt 0:00:02]} Re8 {[%emt 0:00:02]} 18. Ng4 {[%emt 0:00:00]} e5 {[%emt 0:00:02]} 19. Nxf6+ {[%emt 0:00:02]} gxf6 {[%emt 0:00:00]} 20. dxe5 {[%emt 0:00:01]} fxe5 {[%emt 0:00:01]} 21. Bc2 {[%emt 0:00:02]} e4 {[%emt 0:00:01]} 22. Qf4 {[%emt 0:00:01]} Kg7 {[%emt 0:00:02]} 23. Rad1 {[%emt 0:00:01]} Re5 {[%emt 0:00:07]} 24. Rfe1 {[%emt 0:00:01]} Qf6 {[%emt 0:00:02]} 25. Qxf6+ {[%emt 0:00:02]} Kxf6 {[%emt 0:00:00]} 26. Bb3 {[%emt 0:00:00]} Rd8 {[%emt 0:00:01]} 27. Rd2 {[%emt 0:00:00]} d4 {[%emt 0:00:01]} 28. cxd4 {[%emt 0:00:02]} Rxd4 {[%emt 0:00:00]} 29. Red1 {[%emt 0:00:02]} Rxd2 {[%emt 0:00:01]} 30. Rxd2 {[%emt 0:00:00]} e3 {[%emt 0:00:00]} 31. fxe3 {[%emt 0:00:01]} Rxe3 {[%emt 0:00:00]} 32. Kf2 {[%emt 0:00:00]} Re5 {[%emt 0:00:02]} 33. Rd7 {[%emt 0:00:01]} Re7 {[%emt 0:00:02]} 34. Rd6+ {[%emt 0:00:01]} Kg7 {[%emt 0:00:01]} 35. Ba4 {[%emt 0:00:02]} Ne5 {[%emt 0:00:01] Little champs offers a draw} 36. Bd1 {[%emt 0:00:03]} b5 {[%emt 0:00:01]} 37. Be2 {[%emt 0:00:01]} Re6 {[%emt 0:00:02]} 38. Rd8 {[%emt 0:00:01]} Kf6 {[%emt 0:00:01]} 39. Ra8 {[%emt 0:00:01]} Ke7 {[%emt 0:00:01]} 40. b3 {[%emt 0:00:00]} g5 {[%emt 0:00:03]} 41. Ra7+ {[%emt 0:00:00]} Kf6 {[%emt 0:00:01]} 42. a4 {[%emt 0:00:01]} bxa4 {[%emt 0:00:01]} 43. bxa4 {[%emt 0:00:00]} Kg6 {[%emt 0:00:01]} 44. Rxa6 {[%emt 0:00:00]} Nc6 {[%emt 0:00:01]} 45. Bb5 {[%emt 0:00:02]} Rf6+ {[%emt 0:00:01]} 46. Kg1 {[%emt 0:00:01]} Na5 {[%emt 0:00:00]} 47. Rxa5 {[%emt 0:00:01]} Rd6 {[%emt 0:00:01]} 48. Ra6 {[%emt 0:00:00]} Rxa6 {[%emt 0:00:01]} 49. Bxa6 {[%emt 0:00:00]} Kf6 {[%emt 0:00:00]} 50. Bb7 {[%emt 0:00:00]} Ke7 {[%emt 0:00:01]} 51. a5 {[%emt 0:00:00]} Kd7 {[%emt 0:00:00]} 52. a6 {[%emt 0:00:00]} Kc7 {[%emt 0:00:00]} 53. Kf2 {[%emt 0:00:01]} f6 {[%emt 0:00:00]} 54. Kf3 {[%emt 0:00:01]} f5 {[%emt 0:00:00]} 55. Ke3 {[%emt 0:00:01]} f4+ {[%emt 0:00:00]} 56. gxf4 {[%emt 0:00:01]} gxf4+ {[%emt 0:00:00]} 57. Kxf4 {[%emt 0:00:00]} Kb8 {[%emt 0:00:00]} 58. Kf5 {[%emt 0:00:00]} Ka7 {[%emt 0:00:00]} 59. Kf6 {[%emt 0:00:00]} Kb8 {[%emt 0:00:00]} 60. g4 {[%emt 0:00:00]} Ka7 {[%emt 0:00:00]} 61. g5 {[%emt 0:00:00]} Kb8 {[%emt 0:00:00]} 62. g6 {[%emt 0:00:00]} Ka7 {[%emt 0:00:00]} 63. g7 {[%emt 0:00:00]} Kb8 {[%emt 0:00:00]} 64. g8=Q+ {[%emt 0:00:00]} Ka7 {[%emt 0:00:00]} 65. Qa8+ {[%emt 0:00:00]} Kb6 {[%emt 0:00:00]} 66. a7 {[%emt 0:00:00]} Kc5 {[%emt 0:00:00]} 67. Qb8 {[%emt 0:00:00]} Kd4 {[%emt 0:00:00]} 68. a8=Q {[%emt 0:00:00]} Ke3 {[%emt 0:00:00]} 69. Qa3+ {[%emt 0:00:01]} Ke2 {[%emt 0:00:00]} 70. Qe5+ {[%emt 0:00:01]} Kf2 {[%emt 0:00:00]} 71. Qae3+ {[%emt 0:00:01]} Kf1 {[%emt 0:00:01]} 72. Q5f4# {[%emt 0:00:01] (Lag: Av=0.65s, max=1.9s)} 1-0

[Event "Stay Safe Play From Home 329"]
[Site "Mustafa Kemal Atatürk"]
[Date "2020.07.24"]
[Round "6"]
[White "SoulofWolf"]
[Black "Haxhi Baha"]
[Result "0-1"]
[WhiteElo "2186"]
[BlackElo "2070"]
[Annotator "TA"]
[PlyCount "88"]
[EventDate "2020.07.24"]
[EventType "swiss (blitz)"]

{[%evp 12,87,4,7,46,-8,-1,-70,-21,-53,-26,-77,0,-110,-110,-110,-118,-141,-108,-160,-153,-162,-142,-121,-135,-191,-202,-197,-200,-256,-249,-256,-249,-283,-277,-304,-313,-312,-313,-305,-299,-749,-752,-29976,-29977,-29977,-29978,-29973,-29974,-29984,-29985,-29986,-29987,-29987,-29988,-29989,-29990,-29990,-29991,-29991,-29992,-29994,-29994,-29995,-29996,-29997,-29998,-29998,-29997,-29997,-29997,-29998,-29997,-29997,-29998,-29998,-29999,-29999]} 1. d4 d5 2. c4 e5 3. dxe5 d4 4. Nf3 Nc6 5. e3 Bb4+ 6. Bd2 dxe3 7. fxe3 Qe7 {D08: Albin Counter Gambit.} 8. a3 (8. Nc3 $14) 8... Bxd2+ $11 {[#]} 9. Nbxd2 $146 (9. Qxd2 $11 Nxe5 10. Nxe5 Qxe5 11. Nc3) ({Predecessor:} 9. Qxd2 Nxe5 10. Qd4 f6 11. Nbd2 Bf5 12. Be2 c5 13. Qc3 Ng4 14. e4 Bxe4 15. O-O {0-1 (25) Farina,M-Baglivo,A ICCF email 1997}) 9... Bg4 {Black is slightly better.} 10. Be2 O-O-O 11. O-O (11. Nd4 $11 Bd7 12. e6 fxe6 13. O-O) 11... Qc5 (11... Bxf3 $17 12. Bxf3 Nxe5) 12. Kh1 (12. Nd4 $1 $11 {keeps the balance.} Bxe2 13. Qxe2) 12... Qxe3 $17 {[#] Strongly threatening ...Bxf3.} 13. Qe1 Nge7 14. b4 Ng6 ({But not} 14... Nxe5 15. Nxe5 Bxe2 16. Ra2 $15) 15. b5 (15. Bd1 $142 Qc3 16. Ba4 Ncxe5 17. Nxe5 Qxe5 18. Qf2) 15... Ncxe5 16. Nxe5 Nxe5 17. Bxg4+ Nxg4 18. Qxe3 (18. Nf3 $17) 18... Nxe3 $19 19. Rf2 f6 20. Nf3 Rd3 21. a4 Rhd8 22. h3 Nxc4 23. Rc1 Rd1+ 24. Rxd1 Rxd1+ {[%mdl 4096] Endgame KRN-KRN} 25. Kh2 Ne3 26. Ne1 $2 (26. g4) 26... Rxe1 {KRN-KR} 27. Rf3 Nf1+ {Black mates.} 28. Kg1 Nd2+ {[%mdl 64] [#] Discovered Attack} 29. Kf2 Nxf3 30. gxf3 {KR-KP} Ra1 31. Kg3 Rxa4 {KR-K3P} 32. h4 Ra5 33. Kg4 Rxb5 {KR-KPP} 34. f4 a5 35. f5 a4 36. Kh5 a3 37. Kg4 a2 38. Kh5 a1=Q {[%cal Ra1d1]} 39. Kg4 Qd4+ 40. Kh3 Rxf5 41. Kg3 Re5 42. Kf3 Re3+ 43. Kf2 Qd2+ 44. Kf1 Re1# {Accuracy: White = 31%, Black = 64%.} 0-1